01012nam0a22002411 4500001003000000005001700030035002600047100004100073101000800114102000700122105001800129200015600147210005500303215002100358300013300379607006100512686001900573700005300592701006200645801002200707801001800729852002300747RU\NLR\INFOCOMM_36\500022147920250613094924.0 a(NLR Aleph) 009281651 a20100916d1968 |||y0rusy50 ca0 aspa aRU ay ||||000|y1 aEconomía, gestión, planfAnatoli Efimov, miembro cor. de la Acad. de ciencias de la URSS, Alexandr Anchishkin, cand. a dr. en ciencias económicas aΜ.cEd. de la Agencia de prensa "Novosti"d[1968] a225 с.d16 см aВ вып. дан.: А. Анчишкин, А. Ефимов. Экономика, управление и планирование aСССРxНародное хозяйство2nlr_sh1 aЭ1-2502rubbk 1aEfimovbA. N.f1908-gAnatolij Nikolaevič4070 1aAnčiškinbA. I.f1933-1987gAleksandr Ivanovič4070 1aRUbNLRc20100916 0aRUbNLRgPSBO aNLRjЭк31 Д-1/9